Pro iOS and Android Apps for Business

Manylion Llyfryddiaeth
Prif Awdur: Zammetti
Fformat: Electronig eLyfr
Iaith:English
Cyhoeddwyd: Apress, 2013
Rhifyn:1
Pynciau:
Mynediad Ar-lein:Full text available on Springer
Off-campus access
LEADER 01096pam a2200265 a 4500
001 AALebookSpringer003705
003 BD-DhAAL
006 m||||||||d||||||||
007 cr||||||||||||
008 221122s9999 enkabf fo j 001 0 eng d
020 |a 978-1-4302-6070-7 
020 |a 978-1-4302-6071-4 
040 |a BD-DhAAL  |c BD-DhAAL 
100 1 |a Zammetti 
245 1 0 |h [electronic resource]  |a Pro iOS and Android Apps for Business 
250 |a 1 
260 |b Apress,  |c 2013 
300 |a 1 online resource 
500 |a <strong>Off-Campus Access:</strong> Athens ID and Password Required 
500 |a <strong>On-Campus Access:</strong> No User ID or Password Required 
506 |a Electronic access restricted to authorized BRAC University faculty, staff and students 
538 |a Mode of access: Internet 
655 7 |a Electronic books  |2 Library of Congress 
856 4 0 |z Full text available on Springer  |u https://link.springer.com/10.1007/978-1-4302-6071-4 
856 4 0 |z Off-campus access  |u https://go.openathens.net/redirector/bracu.ac.bd?url=https%3A%2F%2Flink.springer.com%2F10.1007%2F978-1-4302-6071-4